[Event "Foment Martinenc op-B 23rd"]
[Site "Barcelona"]
[Date "2023.04.29"]
[Round "2"]
[White "Lopera Larrea, Izan"]
[Black "Bueno Navas, Lucas"]
[Result "0-1"]
[WhiteElo "1183"]
[BlackElo "1498"]
[PlyCount "82"]
[EventDate "2023.04.22"]
[EventType "swiss"]
[EventRounds "9"]
[EventCountry "ESP"]
[SourceTitle "EXT 2024"]
[Source "ChessBase"]
[SourceDate "2023.10.10"]
[SourceVersion "1"]
[SourceVersionDate "2023.10.10"]
[SourceQuality "1"]

1. e4 c5 2. Nf3 d6 3. d4 cxd4 4. Nxd4 Nf6 5. Nc3 a6 6. a4 e5 7. Nf3 Be7 8. h3 Qc7 9. Bg5 Nbd7 10. Bd3 0-0 11. 0-0 h6 12. Bh4 b6 13. Ne2 Bb7 14. Bxf6 Nxf6 15. Ng3 Rfe8 16. h4 Rad8 17. c4 Nd7 18. h5 Nc5 19. Re1 Rc8 20. Nf5 Nxd3 21. Qxd3 Qxc4 22. Qxc4 Rxc4 23. Rad1 Rxa4 24. Nxd6 Bxd6 25. Rxd6 Rb4 26. Rd2 Bxe4 27. Nh2 f6 28. Rde2 Bd3 29. Rd2 Bb5 30. g3 Rc8 31. Nf3 Rb3 32. Nh4 Rd3 33. Rdd1 Rc2 34. Nf5 Rxb2 35. Ne7+ Kf7 36. Nd5 Rxd1 37. Rxd1 Be2 38. Rc1 Bxh5 39. Ra1 b5 40. Rxa6 Rb1+ 41. Kh2 Bf3 0-1